Foundation's edge (Record no. 1514)

000 -LEADER
fixed length control field 00549nam a22002057a 4500
005 - DATE AND TIME OF LATEST TRANSACTION
control field 20210423063855.0
008 - FIXED-LENGTH DATA ELEMENTS--GENERAL INFORMATION
fixed length control field 210217b1989 ||||| |||| 00| 0 eng d
020 ## - INTERNATIONAL STANDARD BOOK NUMBER
International Standard Book Number 0345308980
040 ## - CATALOGING SOURCE
Transcribing agency DLC
041 ## - LANGUAGE CODE
Language code of text/sound track or separate title eng
080 ## - UNIVERSAL DECIMAL CLASSIFICATION NUMBER
Universal Decimal Classification number 821.111
Item number A-82
100 ## - MAIN ENTRY--PERSONAL NAME
9 (RLIN) 951
Personal name Asimov.Isaac
245 ## - TITLE STATEMENT
Title Foundation's edge
250 ## - EDITION STATEMENT
Edition statement seventeenth printing
260 ## - PUBLICATION, DISTRIBUTION, ETC.
Place of publication, distribution, etc. New York
Name of publisher, distributor, etc. Ballantine books
Date of publication, distribution, etc. 1989
300 ## - PHYSICAL DESCRIPTION
Extent 426 p.:
650 #0 - SUBJECT ADDED ENTRY--TOPICAL TERM
9 (RLIN) 247
Topical term or geographic name entry element English literature
653 ## - INDEX TERM--UNCONTROLLED
Uncontrolled term ინგლისური ლიტერატურა
942 ## - ADDED ENTRY ELEMENTS (KOHA)
Source of classification or shelving scheme
Koha item type Books
Holdings
Withdrawn status Lost status Source of classification or shelving scheme Damaged status Not for loan Permanent location Current location Date acquired Inventory number Total Checkouts Full call number Barcode Date last seen Price effective from Koha item type
          Ken Walker International University Ken Walker International University 02/17/2021 2024   821.111 A-82 2024 02/17/2021 02/17/2021 Books

Powered by Koha